Advanced strength of materials (Record no. 6074)

000 -LEADER
fixed length control field 00525nam a2200193 4500
001 - CONTROL NUMBER
control field 6074
003 - CONTROL NUMBER IDENTIFIER
control field BD-DhHUET
008 - FIXED-LENGTH DATA ELEMENTS--GENERAL INFORMATION
fixed length control field 790809s1952 nyua 001 0 eng
020 ## - INTERNATIONAL STANDARD BOOK NUMBER
International Standard Book Number 070164002
040 ## - CATALOGING SOURCE
Original cataloging agency DLC
Transcribing agency DLC
Modifying agency BD-DhHUET
082 ## - DEWEY DECIMAL CLASSIFICATION NUMBER
Classification number 620.11
Item number DEN/1952
100 1# - MAIN ENTRY--PERSONAL NAME
Personal name Den Hartog, J. P.
245 10 - TITLE STATEMENT
Title Advanced strength of materials
Statement of responsibility, etc. by Den Hartog, J. P.
250 ## - EDITION STATEMENT
Edition statement 1st ed.
260 ## - PUBLICATION, DISTRIBUTION, ETC. (IMPRINT)
Place of publication, distribution, etc. New York
Name of publisher, distributor, etc. McGraw-Hill
Date of publication, distribution, etc. 1952
300 ## - PHYSICAL DESCRIPTION
Extent ix,379 p.
Other physical details illus.
Dimensions 24 cm.
650 #0 - SUBJECT ADDED ENTRY--TOPICAL TERM
Topical term or geographic name as entry element Strength of materials: engineering
942 ## - ADDED ENTRY ELEMENTS (KOHA)
Koha item type General Book
Holdings
Price effective from Not for loan Koha normalized classification for sorting Sublocation or collection (holding branch) Withdrawn status Koha date last seen Lost status Shelving location Damaged status Copy number Source of classification or shelving scheme Date acquired Piece designation (barcode) Location (home branch) Koha full call number Koha item type
2014-11-30 620_000000000000000_11DEN1952Central Library, BUET 2014-11-30 Circulation section 1 2014-11-3087925Central Library, BUET620.11/DEN/1952General Book
2015-04-23 620_110000000000000_DEN_1952Central Library, BUET 2015-04-23 Circulation section 2 2015-04-2329906Central Library, BUET620.11/DEN/1952General Book
2015-04-23 620_110000000000000_DEN_1952Central Library, BUET 2015-04-23 Circulation section 3 2015-04-2329901Central Library, BUET620.11/DEN/1952General Book
2015-04-23 620_110000000000000_DEN_1952Central Library, BUET 2015-04-23 Circulation section 4 2015-04-2334760Central Library, BUET620.11/DEN/1952General Book
2015-04-23 620_110000000000000_DEN_1952Central Library, BUET 2015-04-23 Circulation section 5 2015-04-2329903Central Library, BUET620.11/DEN/1952General Book
2015-04-23 620_110000000000000_DEN_1952Central Library, BUET 2015-04-23 Circulation section 6 2015-04-2334761Central Library, BUET620.11/DEN/1952General Book
2015-04-23 620_110000000000000_DEN_1952Central Library, BUET 2015-04-23 Circulation section 7 2015-04-2329908Central Library, BUET620.11/DEN/1952General Book
2015-04-23 620_110000000000000_DEN_1952Central Library, BUET 2015-04-23 Circulation section 8 2015-04-2329905Central Library, BUET620.11/DEN/1952General Book
2015-04-23 620_110000000000000_DEN_1952Central Library, BUET 2015-04-23 Circulation section 9 2015-04-2329904Central Library, BUET620.11/DEN/1952General Book
2015-04-25 620_110000000000000_DEN_1952Central Library, BUET 2015-04-25 Circulation section 10 2015-04-2534762Central Library, BUET620.11/DEN/1952General Book
2015-04-25 620_110000000000000_DEN_1952Central Library, BUET 2015-04-25 Circulation section 11 2015-04-2529907Central Library, BUET620.11/DEN/1952General Book